Հայաստանեան օրացոյց ... / (Record no. 540756)
[ view plain ]
| 000 -LEADER | |
|---|---|
| fixed length control field | 00613nam a2200193 a 4500 |
| 001 - CONTROL NUMBER | |
| control field | 428117 |
| 003 - CONTROL NUMBER IDENTIFIER | |
| control field | AM-YEHGA |
| 005 - DATE AND TIME OF LATEST TRANSACTION | |
| control field | 20260326151052.0 |
| 008 - FIXED-LENGTH DATA ELEMENTS--GENERAL INFORMATION | |
| fixed length control field | 060720m19461948ua |||||r|||||000|0|arm|d |
| 040 ## - CATALOGING SOURCE | |
| Original cataloging agency | AM-YEHGA |
| 041 0# - LANGUAGE CODE | |
| Language code of text/sound track or separate title | arm |
| 245 00 - TITLE STATEMENT | |
| Title | Հայաստանեան օրացոյց ... / |
| Statement of responsibility, etc. | Հրատ.՝ Յ. Մէքէրեան. |
| 260 ## - PUBLICATION, DISTRIBUTION, ETC. | |
| Place of publication, distribution, etc. | Գահիրէ : |
| Name of publisher, distributor, etc. | տպ. Սահակ-Մեսրոպ, |
| Date of publication, distribution, etc. | 1946- |
| -- | 1948. |
| 300 ## - PHYSICAL DESCRIPTION | |
| Extent | տարի ; |
| Dimensions | 12 սմ. |
| 505 10 - FORMATTED CONTENTS NOTE | |
| Miscellaneous information | 1946 (Ա. թ., 23 էջ, գուն. քարտեզ) |
| 650 14 - SUBJECT ADDED ENTRY--TOPICAL TERM | |
| Topical term or geographic name entry element | Օրացույցներ |
| 700 1# - ADDED ENTRY--PERSONAL NAME | |
| Personal name | Մէքէրեան, Յ |
| Relator term | հրատ. |
| Relationship | pbl |
| 942 ## - ADDED ENTRY ELEMENTS (KOHA) | |
| Source of classification or shelving scheme | Universal Decimal Classification |
| Koha item type | Գրքեր / Books |
| Withdrawn status | Lost status | Source of classification or shelving scheme | Damaged status | Not for loan | Collection | Home library | Current library | Date acquired | Serial enumeration / chronology | Total checkouts | Full call number | Barcode | Date last seen | Price effective from | Koha item type | Public note |
|---|---|---|---|---|---|---|---|---|---|---|---|---|---|---|---|---|
| Universal Decimal Classification | Gharibyan individual Collection | Fundamental Scientific Library | Fundamental Scientific Library | 03/12/2025 | 1946 | Ղար/1076 | FL0700382 | 03/12/2025 | 03/12/2025 | Գրքեր / Books | ILL Non-Circ. |
ՀՀ Գիտությունների ազգային ակադեմիայի հիմնարար գիտական գրադարան = Fundamental Scientific Library of NAS RA
All site content, except where otherwise noted, is licensed under a